| 000 | 00911nam a2200265Ia 4500 | ||
|---|---|---|---|
| 008 | 130821s1993 sp gr spa | ||
| 020 |
_a84 206 0614 6 _cVolumen 5 _c |
||
| 020 |
_a84 206 9827 X _cObra Completa _c |
||
| 040 |
_aCo-BoUCM _bspa |
||
| 041 | 0 | 0 | _aspa |
| 100 | 1 |
_aBrecht, Bertolt _91210 |
|
| 245 | 1 | 0 |
_aNarrativa completa _cBertolt Brecht ; traducción de Juan del Solar |
| 260 |
_aMadrid (España) _bAlianza Editorial _c1993 |
||
| 300 | _a463 páginas (v. 5) | ||
| 490 | 0 |
_aNarrativa completa. _v5 _aSección Literatura |
|
| 500 | _aIncluye índice. | ||
| 505 |
_gV.5 _tLa novela de cuatro cuartos. |
||
| 650 |
_aLiteratura alemana _918601 |
||
| 650 |
_aLiteratura europea _926524 |
||
| 650 |
_aNovela alemana _920461 |
||
| 700 | 1 |
_aSolar, Juan del _etrad. _9149391 |
|
| 765 | 0 | _tDreigroschenroman | |
| 942 |
_cLIBRO _a18 _e1 _mB829n _2DEWEY _h833.912 |
||
| 999 |
_c74614 _d74614 |
||